| 000 | 00879 a2200217 4500 | ||
|---|---|---|---|
| 010 | _aENG-85628 | ||
| 020 |
_a8123014236 _c250.00 |
||
| 035 | _aEN-69161 | ||
| 037 | _bD.B.Act / ven | ||
| 082 | 1 | 4 | _a954 |
| 090 |
_c3300 _d3300 |
||
| 245 | 1 |
_aIndia 2007 _ba reference annual _ccompiled and edited by Research, Reference and Training Division |
|
| 250 | _a51st ed | ||
| 260 |
_aNew Delhi _bPublications Division, Ministry of Information and Broadcasting, Govt. of India, _c2007 |
||
| 260 |
_aDelhi _bBharat Pustak Bhandar (Vendor) |
||
| 270 |
_aSoochna Bhawan, CGO Complex, Lodhi Road _bNew Delhi _cDelhi _e110003 |
||
| 300 |
_a1199 p. _c24 cm. (Pbk) |
||
| 710 |
_aMinistry of Information and Broadcasting. _bResearch, Reference and Training Division |
||
| 942 |
_adpl _cEN _k954 / IND |
||
| 999 |
_c3236 _d3236 |
||